00313 2200133 4500001002100000005001500021035002000036245003800056300000700094260003200101082000800133084001200141990002600153INLIS00000000000217820250527123028 a0010-0525000470 aHorison Majalah Sastra /cSelasih a28 ajakarta :bDepdiknas,c2009 a800 a800 HOR a07.13291 s/d 07.13294